[Event "CAMPEONATO PANAMERICANO-CONTINENTAL ABSOLUTO 2010"
[Site "Cali, Departamento del Valle del Cauca"]
[Date "2010.11.18"]
[Round "4"]
[Board "1"]
[White "Avellaneda Arevalo, Ronald"]
[Black "Mateus, Martha"]
[Result "0-1"]
[WhiteElo "1965"]
[BlackElo "2144"]
[PlyCount "84"]
[EventDate "2010.11.17"]
[EventRounds "9"]
[EventCountry "COL"]

1.e4 c5 2.Nc3 e6 3.f4 d5 4.Nf3 Nc6 5.exd5 exd5 6.d4 Nf6 7.Bb5 cxd4 8.Qxd4 Bd7
9.Bxc6 bxc6 10.O-O Be7 11.Re1 O-O 12.Ne5 c5 13.Qd3 c4 14.Qd4 Rc8 15.Be3 Bc5
16.Qd2 d4 17.Bxd4 Bg4 18.Nxg4 Bxd4+ 19.Nf2 Ng4 20.Re2 Bxf2+ 21.Rxf2 Nxf2 22.Qxf2
Rb8 23.b3 Qf6 24.Qf3 cxb3 25.cxb3 Rbc8 26.Rc1 Qd4+ 27.Qf2 Qd3 28.Ne2 Rxc1+
29.Nxc1 Qd1+ 30.Qf1 Rd8 31.Ne2 Qc2 32.Qf3 Qxa2 33.Kf2 Rb8 34.b4 Qc4 35.Qe3 a6
36.Nd4 Qxb4 37.Qe5 Rc8 38.Nc6 Qb6+ 39.Nd4 Rd8 40.Ke3 f6 41.Qe4 Kf7 42.Kd3 Qb1+

[Event "CAMPEONATO PANAMERICANO-CONTINENTAL ABSOLUTO 2010"
[Site "Cali, Departamento del Valle del Cauca"]
[Date "2010.11.18"]
[Round "4"]
[Board "1"]
[White "Herrera, Juan Sebastian"]
[Black "Castrillon Gomez, Melissa"]
[Result "0-1"]
[WhiteElo "2125"]
[BlackElo "2013"]
[PlyCount "96"]
[EventDate "2010.11.17"]
[EventRounds "9"]
[EventCountry "COL"]

1.e4 c5 2.Nf3 d6 3.d4 cxd4 4.Nxd4 Nf6 5.Nc3 g6 6.Be2 Bg7 7.O-O O-O 8.Be3 Nc6
9.Re1 Bd7 10.Nb3 Rc8 11.f4 a6 12.a4 Be6 13.Bf3 Na5 14.Nxa5 Qxa5 15.Nd5 Nxd5
16.exd5 Bd7 17.Bd4 Rfe8 18.Bxg7 Kxg7 19.Kh1 Rc4 20.Re4 Rxe4 21.Bxe4 Qb4 22.Qe1
Qxe1+ 23.Rxe1 Bxa4 24.g4 e5 25.f5 f6 26.Kg2 Rc8 27.Kf2 Rc5 28.Re2 Bd7 29.Ke3 Kh6
30.h4 gxf5 31.gxf5 Be8 32.Rd2 Bf7 33.Rd1 Kh5 34.Bf3+ Kh6 35.Be4 Rc8 36.Rg1 b5
37.Ra1 Ra8 38.Ra5 Kh5 39.Ra1 a5 40.b3 a4 41.bxa4 Rxa4 42.Rb1 Ra3+ 43.Kd2 Be8
44.Bd3 Ra4 45.Rg1 Rd4 46.Ke3 Kh6 47.Rg8 Bf7 48.Rd8 Rxd5

[Event "CAMPEONATO PANAMERICANO-CONTINENTAL ABSOLUTO 2010"
[Site "Cali, Departamento del Valle del Cauca"]
[Date "2010.11.18"]
[Round "4"]
[Board "1"]
[White "Manrique, Fernando"]
[Black "Ruiz C, Joshua D"]
[Result "0-1"]
[WhiteElo "1964"]
[BlackElo "2107"]
[PlyCount "112"]
[EventDate "2010.11.17"]
[EventRounds "9"]
[EventCountry "COL"]

1.e4 c5 2.Nf3 d6 3.d4 cxd4 4.Nxd4 Nf6 5.Nc3 a6 6.Be3 e5 7.Nb3 Be6 8.f3 Nbd7
9.Qd2 h5 10.O-O-O Be7 11.Kb1 b5 12.Nd5 Bxd5 13.exd5 Nb6 14.Bxb6 Qxb6 15.Na5 O-O
16.Nc6 Rfe8 17.Nxe7+ Rxe7 18.Be2 Rc8 19.g4 hxg4 20.Qg5 Qc7 21.c3 b4 22.c4 gxf3
23.Rhg1 Ne8 24.Bxf3 e4 25.Bg4 Re5 26.Qf4 Ra8 27.Be2 Qe7 28.Rdf1 Ra7 29.h4 Qf8
30.Rg3 Qe7 31.Rg5 Rc7 32.b3 a5 33.Rxe5 Qxe5 34.Qxe5 dxe5 35.Rf5 f6 36.h5 Kf7
37.Rf1 Nd6 38.Bg4 Ke7 39.Be6 Nb7 40.Rg1 Kd6 41.Bf5 Nc5 42.Rg6 Rf7 43.Kc2 Nb7
44.Be6 Re7 45.Kd2 Kc5 46.Ke3 Nd6 47.h6 gxh6 48.Rxf6 a4 49.Bf5 axb3 50.axb3 Ra7
51.Bxe4 Ra2 52.Bf3 Ra1 53.Rxh6 Nf5+ 54.Ke4 Nxh6 55.Kxe5 Rb1 56.d6 Nf7+

[Event "CAMPEONATO PANAMERICANO-CONTINENTAL ABSOLUTO 2010"
[Site "Cali, Departamento del Valle del Cauca"]
[Date "2010.11.18"]
[Round "4"]
[Board "1"]
[White "Romero Echeverria, Abigail"]
[Black "Gomez, Samael"]
[Result "1-0"]
[WhiteElo "2068"]
[BlackElo "1994"]
[PlyCount "65"]
[EventDate "2010.11.17"]
[EventRounds "9"]
[EventCountry "COL"]

1.e4 e6 2.d4 d5 3.e5 c5 4.c3 Nc6 5.Nf3 f6 6.Bd3 cxd4 7.cxd4 fxe5 8.dxe5 Bb4+
9.Bd2 Nh6 10.Nc3 Nf7 11.O-O Bd7 12.Re1 Bxc3 13.bxc3 Na5 14.Qe2 Rc8 15.Rab1 b6
16.Nd4 Nc4 17.f4 Nxd2 18.Qxd2 g6 19.f5 gxf5 20.Nxf5 Rg8 21.Qe2 Qg5 22.Ng3 Rxc3
23.Bxh7 Rh8 24.Bd3 Rg8 25.Bb5 Rc5 26.a4 Nh6 27.a5 Ng4 28.axb6 axb6 29.Bxd7+ Kxd7
30.Rxb6 Rgc8 31.h3 Nh6 32.Qd3 Rc1 33.Qh7+

[Event "CAMPEONATO PANAMERICANO-CONTINENTAL ABSOLUTO 2010"
[Site "Cali, Departamento del Valle del Cauca"]
[Date "2010.11.18"]
[Round "4"]
[Board "1"]
[White "Prieto, Ernesto"]
[Black "Orozco, Lina Yomayra"]
[Result "1-0"]
[WhiteElo "2102"]
[BlackElo "2137"]
[PlyCount "61"]
[EventDate "2010.11.17"]
[EventRounds "9"]
[EventCountry "COL"]

1.e4 c5 2.Nf3 e6 3.d4 cxd4 4.Nxd4 a6 5.c4 Qc7 6.Bd3 Nf6 7.O-O Be7 8.Nc3 d6 9.Be3
Nbd7 10.f4 b6 11.g4 h5 12.g5 Ng4 13.Qe2 Bb7 14.g6 Bf6 15.gxf7+ Kxf7 16.f5 exf5
17.Nxf5 g6 18.Nd4 Nxe3 19.Qxe3 Rae8 20.Nd5 Qd8 21.Qg3 Re5 22.Nf3 Kg7 23.Nxf6 h4
24.Nxh4 Rxh4 25.Qxh4 Nxf6 26.Rae1 Qe7 27.Re2 Qe6 28.Ref2 Nxe4 29.Rf7+ Qxf7
30.Rxf7+ Kxf7 31.Qh7+

[Event "CAMPEONATO PANAMERICANO-CONTINENTAL ABSOLUTO 2010"
[Site "Cali, Departamento del Valle del Cauca"]
[Date "2010.11.18"]
[Round "4"]
[Board "1"]
[White "Hernandez, Oscar Eduardo"]
[Black "Saladen, Rafael"]
[Result "0-1"]
[WhiteElo "2025"]
[BlackElo "2195"]
[PlyCount "84"]
[EventDate "2010.11.17"]
[EventRounds "9"]
[EventCountry "COL"]

1.e4 c5 2.Nf3 Nc6 3.Bb5 g6 4.O-O Bg7 5.Bxc6 dxc6 6.d3 Nf6 7.Nc3 O-O 8.Re1 Nd7
9.e5 Nb8 10.Be3 Na6 11.Qd2 Bg4 12.Bh6 Bxf3 13.Bxg7 Kxg7 14.gxf3 Nc7 15.Re4 Ne6
16.f4 Nd4 17.Qd1 Qd7 18.Kh1 Qh3 19.Qf1 Qf3+ 20.Qg2 Qxg2+ 21.Kxg2 Nxc2 22.Rc1 Nb4
23.d4 Rfd8 24.Rd1 c4 25.b3 cxb3 26.axb3 Nd5 27.Nxd5 Rxd5 28.Kf3 a6 29.Re3 Rad8
30.Red3 e6 31.Ke3 Kf8 32.Rc1 Ke7 33.Rc5 Kd7 34.b4 Kc7 35.Rxd5 Rxd5 36.Ra3 Rb5
37.Ra4 Kb6 38.h4 h5 39.Kd3 a5 40.bxa5+ Rxa5 41.Rb4+ Kc7 42.Rb3 Ra1

[Event "CAMPEONATO PANAMERICANO-CONTINENTAL ABSOLUTO 2010"
[Site "Cali, Departamento del Valle del Cauca"]
[Date "2010.11.19"]
[Round "5"]
[Board "1"]
[White "Rios, Cristhian Camilo"]
[Black "Ortiz Suarez, Isan Reynaldo"]
[Result "1/2-1/2"]
[WhiteElo "2405"]
[BlackElo "2543"]
[PlyCount "105"]
[EventDate "2010.11.17"]
[EventRounds "9"]
[EventCountry "COL"]

1.e4 c5 2.Nf3 e6 3.d4 cxd4 4.Nxd4 Nf6 5.Nc3 d6 6.g4 h6 7.h4 Nc6 8.Rg1 h5 9.gxh5
Nxh5 10.Bg5 Nf6 11.Qd2 Qb6 12.Nb3 a6 13.Be2 Bd7 14.h5 Nxh5 15.Rh1 g6 16.Bxh5
gxh5 17.O-O-O Be7 18.Bxe7 Nxe7 19.Rh3 O-O-O 20.Rdh1 e5 21.Rxh5 Rxh5 22.Rxh5 Rg8
23.Rh1 Be6 24.Kb1 Kb8 25.f4 exf4 26.Qxf4 Ng6 27.Qd2 Ne5 28.Rd1 Nc4 29.Qd3 Rg1
30.Rxg1 Qxg1+ 31.Nc1 Qc5 32.Qg3 Qe3 33.Qxe3 Nxe3 34.Nd3 Kc7 35.Kc1 d5 36.Nc5 Bc8
37.exd5 f5 38.Nd3 Kd6 39.Kd2 Nxd5 40.Nxd5 Kxd5 41.Ke3 a5 42.c3 b6 43.b3 Bb7
44.Kf4 Ke6 45.Nb2 Bd5 46.c4 Bc6 47.a3 Be4 48.Na4 Bc2 49.Nxb6 Bxb3 50.c5 Ba2
51.c6 Kd6 52.Kxf5 Kxc6 53.Ke4

[Event "CAMPEONATO PANAMERICANO-CONTINENTAL ABSOLUTO 2010"
[Site "Cali, Departamento del Valle del Cauca"]
[Date "2010.11.19"]
[Round "5"]
[Board "1"]
[White "Barrientos, Sergio E"]
[Black "Lima, Darcy"]
[Result "1/2-1/2"]
[WhiteElo "2516"]
[BlackElo "2482"]
[PlyCount "100"]
[EventDate "2010.11.17"]
[EventRounds "9"]
[EventCountry "COL"]

1.e4 e5 2.Nf3 Nc6 3.Bb5 Nf6 4.d4 Nxe4 5.dxe5 d5 6.exd6 Bxd6 7.O-O O-O 8.Bxc6
bxc6 9.Nbd2 Re8 10.Nxe4 Rxe4 11.Qd3 Bf5 12.Qc3 Rg4 13.Ne5 Re4 14.Nf3 Qe8 15.a3
Re2 16.Nd4 Be5 17.Be3 Rxc2 18.Qa5 Bxd4 19.Bxd4 Qe4 20.Bc3 Qf4 21.Rad1 h6 22.Rd4
Be4 23.Bd2 Qf5 24.Qxf5 Bxf5 25.Bc3 Be6 26.Rfd1 Bd5 27.R4d2 Rxd2 28.Rxd2 f6
29.Re2 Kf7 30.Ba5 Rc8 31.Bb4 Be6 32.f3 h5 33.Kf2 h4 34.Rc2 Bd5 35.Re2 Be6 36.Rd2
g5 37.Rc2 Bd5 38.Re2 h3 39.g4 Kg6 40.Re7 f5 41.gxf5+ Kxf5 42.Kg3 Rb8 43.Bc3 Rf8
44.Bg7 Rg8 45.Bd4 a6 46.Re5+ Kg6 47.Kg4 Kf7 48.Rxg5 Bxf3+ 49.Kf4 Rxg5 50.Kxg5
Ke6

[Event "CAMPEONATO PANAMERICANO-CONTINENTAL ABSOLUTO 2010"
[Site "Cali, Departamento del Valle del Cauca"]
[Date "2010.11.19"]
[Round "5"]
[Board "1"]
[White "Arenas, David"]
[Black "Arias, Lemmys A"]
[Result "0-1"]
[WhiteElo "2443"]
[BlackElo "2352"]
[PlyCount "90"]
[EventDate "2010.11.17"]
[EventRounds "9"]
[EventCountry "COL"]

1.e4 c5 2.Nf3 e6 3.d4 cxd4 4.Nxd4 a6 5.Nc3 b5 6.Bd3 d6 7.Qe2 Nf6 8.O-O Be7 9.f4
Bb7 10.a4 b4 11.Nd1 g6 12.Nf2 e5 13.Nb3 O-O 14.f5 gxf5 15.exf5 Kh8 16.Ne4 Rg8
17.Bg5 Nxe4 18.Bxe7 Qb6+ 19.Kh1 Rxg2 20.Qxe4 Rg7 21.a5 Bxe4+ 22.Bxe4 Qa7 23.Bf6
Nd7 24.Bxg7+ Kxg7 25.Bxa8 Qxa8+ 26.Kg1 Kf6 27.Rad1 Ke7 28.Rd3 Nf6 29.Re1 Qc8
30.Re2 Qxf5 31.Nd4 Qc8 32.Kf1 Nd5 33.Rf3 Qg4 34.Nf5+ Kd7 35.Ref2 Qc4+ 36.Ke1 Nf4
37.Ng3 Ke6 38.Ne2 Nxe2 39.Rxe2 f5 40.Rh3 Qf4 41.Rxh7 Qc1+ 42.Kf2 e4 43.h4 d5
44.h5 f4 45.Rg7 Qh1

[Event "CAMPEONATO PANAMERICANO-CONTINENTAL ABSOLUTO 2010"
[Site "Cali, Departamento del Valle del Cauca"]
[Date "2010.11.19"]
[Round "5"]
[Board "1"]
[White "Molina, Roberto Junio Brito"]
[Black "Guerra Tulcan, Lenin"]
[Result "1-0"]
[WhiteElo "2401"]
[BlackElo "2350"]
[PlyCount "141"]
[EventDate "2010.11.17"]
[EventRounds "9"]
[EventCountry "COL"]

1.d4 d5 2.c4 c6 3.Nf3 e6 4.e3 Nf6 5.b3 Nbd7 6.Bd3 Bb4+ 7.Bd2 Bxd2+ 8.Nbxd2 Qe7
9.O-O O-O 10.Qc2 h6 11.Rfe1 Qd6 12.Rad1 b6 13.e4 dxe4 14.Nxe4 Qc7 15.c5 Nd5
16.Rc1 Qf4 17.a3 Rd8 18.Qe2 Qb8 19.Bc4 bxc5 20.Nxc5 Nxc5 21.dxc5 Bd7 22.Bxd5
exd5 23.Nd4 Qf4 24.Qe3 Qxe3 25.Rxe3 Re8 26.Rce1 Kf8 27.f4 Rxe3 28.Rxe3 Re8
29.Rxe8+ Kxe8 30.Kf2 Ke7 31.Ke3 g6 32.b4 h5 33.Nf3 Be8 34.h3 f6 35.g4 hxg4
36.hxg4 Bd7 37.g5 fxg5 38.fxg5 Ke6 39.Kf4 d4 40.Ke4 d3 41.Nd4+ Ke7 42.Kxd3 a6
43.Ke4 Kd8 44.Ke5 Ke7 45.Ke4 Be8 46.Ne2 Bd7 47.Nf4 Bf5+ 48.Kd4 Bc2 49.Kc3 Bf5
50.Kb3 Kd7 51.Ka4 Kc7 52.Ka5 Kb7 53.Ne2 Kc7 54.Nd4 Bd3 55.Ne6+ Kb7 56.a4 Bc2
57.Nd8+ Kc7 58.Nf7 Kb7 59.Ne5 Be4 60.b5 cxb5 61.axb5 axb5 62.Kxb5 Kc7 63.Kc4 Bb1
64.Kd4 Bc2 65.Nd3 Bb1 66.Nb4 Kd7 67.Kd5 Kc7 68.c6 Bf5 69.Kc5 Bc8 70.Nd5+ Kd8
71.Kd6

[Event "CAMPEONATO PANAMERICANO-CONTINENTAL ABSOLUTO 2010"
[Site "Cali, Departamento del Valle del Cauca"]
[Date "2010.11.19"]
[Round "5"]
[Board "1"]
[White "Panesso Rivera, Henry"]
[Black "Gallego Alcaraz, Andres Felipe"]
[Result "1-0"]
[WhiteElo "2333"]
[BlackElo "2388"]
[PlyCount "121"]
[EventDate "2010.11.17"]
[EventRounds "9"]
[EventCountry "COL"]

1.c4 e5 2.Nc3 Nc6 3.g3 g6 4.Bg2 Bg7 5.Rb1 a5 6.a3 Nf6 7.b4 axb4 8.axb4 O-O 9.b5
Ne7 10.Qb3 d6 11.d3 h6 12.Nf3 Be6 13.O-O Qd7 14.Rd1 Bh3 15.Bh1 Ng4 16.d4 exd4
17.Nxd4 Nf5 18.Nf3 Qe6 19.e4 Ne7 20.Bb2 Rfe8 21.Nd5 Nxd5 22.cxd5 Qe7 23.Bxg7
Kxg7 24.Rbc1 Qf6 25.Re1 Re7 26.Bg2 Bxg2 27.Kxg2 Rae8 28.Rc4 Ra8 29.h3 Ne5
30.Nxe5 Qxe5 31.Qc2 Ra5 32.Rb1 Ra3 33.Rbb4 Qf6 34.Qe2 h5 35.h4 Rc3 36.Rd4 Re8
37.Rdc4 Re7 38.Qb2 Rxc4 39.Qxf6+ Kxf6 40.Rxc4 Kg7 41.Kf3 f5 42.Kf4 Kf6 43.f3 b6
44.Ra4 fxe4 45.Rxe4 Rxe4+ 46.Kxe4 g5 47.hxg5+ Kxg5 48.Ke3 Kf5 49.Kd4 Kf6 50.Ke4
Kg5 51.f4+ Kg4 52.Ke3 h4 53.gxh4 Kxh4 54.Kf3 Kh5 55.Kg3 Kg6 56.Kg4 Kf6 57.f5 Kf7
58.Kg5 Kg7 59.f6+ Kf7 60.Kf5 Kf8 61.Kg6

[Event "CAMPEONATO PANAMERICANO-CONTINENTAL ABSOLUTO 2010"
[Site "Cali, Departamento del Valle del Cauca"]
[Date "2010.11.19"]
[Round "5"]
[Board "1"]
[White "Cori T, Deysi"]
[Black "Zuluaga, Cesar"]
[Result "1-0"]
[WhiteElo "2384"]
[BlackElo "2316"]
[PlyCount "61"]
[EventDate "2010.11.17"]
[EventRounds "9"]
[EventCountry "COL"]

1.d4 d5 2.Nf3 c6 3.c4 Nf6 4.Nc3 a6 5.Ne5 e6 6.g3 Nbd7 7.Bg2 Nxe5 8.dxe5 Nd7
9.cxd5 cxd5 10.Qa4 Rb8 11.O-O b5 12.Qd4 Bb7 13.Kh1 b4 14.Nb1 Rc8 15.Nd2 Bc5
16.Qg4 Nxe5 17.Qxg7 Ng6 18.f4 Bf8 19.Qd4 Bc5 20.Qd3 f5 21.Nb3 Bd6 22.Nd4 Qf6
23.a3 Rc4 24.Nb3 Qd8 25.Bd2 Bc6 26.axb4 Bb5 27.Qe3 Qe7 28.Nd4 Kf7 29.Bc3 Rhc8
30.g4 fxg4 31.f5

[Event "CAMPEONATO PANAMERICANO-CONTINENTAL ABSOLUTO 2010"
[Site "Cali, Departamento del Valle del Cauca"]
[Date "2010.11.19"]
[Round "5"]
[Board "1"]
[White "Zapata, Alonso"]
[Black "Escobar Forero, Alder"]
[Result "1/2-1/2"]
[WhiteElo "2482"]
[BlackElo "2456"]
[PlyCount "45"]
[EventDate "2010.11.17"]
[EventRounds "9"]
[EventCountry "COL"]

1.e4 c5 2.Nf3 Nc6 3.d4 cxd4 4.Nxd4 Nf6 5.Nc3 d6 6.Bc4 Qb6 7.Nb3 e6 8.O-O Be7
9.Be3 Qc7 10.f4 a6 11.a4 d5 12.exd5 Nb4 13.Bd3 Nxd3 14.Qxd3 O-O 15.a5 Nxd5
16.Nxd5 exd5 17.Bd4 Bd7 18.Rf2 Rfe8 19.Rd1 Bb5 20.Qg3 Bf8 21.h3 Re4 22.Be5 Qd8
23.Nd2

[Event "CAMPEONATO PANAMERICANO-CONTINENTAL ABSOLUTO 2010"
[Site "Cali, Departamento del Valle del Cauca"]
[Date "2010.11.19"]
[Round "5"]
[Board "1"]
[White "Vittorino, Carlo Giovanni"]
[Black "Contreras, Henry"]
[Result "1-0"]
[WhiteElo "2305"]
[BlackElo "2202"]
[PlyCount "65"]
[EventDate "2010.11.17"]
[EventRounds "9"]
[EventCountry "COL"]

1.d4 Nf6 2.Nf3 g6 3.c4 Bg7 4.Nc3 O-O 5.e4 d6 6.Be2 e5 7.O-O Nc6 8.d5 Ne7 9.Nd2
Nd7 10.b4 f5 11.c5 Nf6 12.f3 f4 13.Nc4 g5 14.Ba3 h5 15.b5 Ne8 16.Bb4 b6 17.cxd6
cxd6 18.a4 Rf7 19.a5 Rb8 20.axb6 axb6 21.Na4 Bh6 22.Naxb6 Rg7 23.Nxc8 Nxc8
24.Na5 Ne7 25.Nc6 Nxc6 26.dxc6 g4 27.Ba5 Qg5 28.b6 gxf3 29.Bxf3 Kh7 30.c7 Nxc7
31.bxc7 Rbg8 32.Qxd6 Qh4 33.Qe6

[Event "CAMPEONATO PANAMERICANO-CONTINENTAL ABSOLUTO 2010"
[Site "Cali, Departamento del Valle del Cauca"]
[Date "2010.11.19"]
[Round "5"]
[Board "1"]
[White "Munoz, Julian Andres"]
[Black "Guerrero, Juan Carlos"]
[Result "1/2-1/2"]
[WhiteElo "2158"]
[BlackElo "2254"]
[PlyCount "46"]
[EventDate "2010.11.17"]
[EventRounds "9"]
[EventCountry "COL"]

1.d4 Nf6 2.Nf3 c5 3.e3 e6 4.Bd3 b6 5.Nbd2 Bb7 6.O-O Be7 7.Qe2 Qc7 8.c3 Nc6 9.e4
d6 10.Re1 Rc8 11.Nf1 cxd4 12.Nxd4 O-O 13.Nxc6 Qxc6 14.a4 Nd7 15.Ng3 Nc5 16.Bc2
f5 17.Qb5 f4 18.Qxc6 fxg3 19.Qxc5 gxh2+ 20.Kxh2 dxc5 21.f4 c4 22.Bd2 e5 23.f5
Rfd8

[Event "CAMPEONATO PANAMERICANO-CONTINENTAL ABSOLUTO 2010"
[Site "Cali, Departamento del Valle del Cauca"]
[Date "2010.11.19"]
[Round "5"]
[Board "1"]
[White "Alvarez, Javier"]
[Black "Uribe, Mauricio"]
[Result "1/2-1/2"]
[WhiteElo "2160"]
[BlackElo "2381"]
[PlyCount "73"]
[EventDate "2010.11.17"]
[EventRounds "9"]
[EventCountry "COL"]

1.e4 e6 2.d4 d5 3.Nc3 Bb4 4.e5 Ne7 5.a3 Bxc3+ 6.bxc3 b6 7.Qg4 Ng6 8.h4 h5 9.Qd1
Ba6 10.Ne2 Qd7 11.Ng3 Qc6 12.Bxa6 Nxa6 13.Qd3 Qa4 14.Bg5 Nf8 15.Qf3 Qxc2 16.Rc1
Qb3 17.Nxh5 Rh7 18.Nxg7+ Rxg7 19.Qf6 Rxg5 20.Qxg5 Qxa3 21.h5 Qe7 22.Qg7 O-O-O
23.Rh3 Nd7 24.Rf3 Qh4 25.h6 Nac5 26.dxc5 Nxc5 27.Rxf7 Kb8 28.Rxc7 d4 29.Rxc5 d3
30.Qc7+ Ka8 31.Qc6+ Kb8 32.Qc7+ Ka8 33.Qc6+ Kb8 34.Qc7+ Ka8 35.Qc6+ Kb8 36.Qc7+
Ka8 37.Qc6+

[Event "CAMPEONATO PANAMERICANO-CONTINENTAL ABSOLUTO 2010"
[Site "Cali, Departamento del Valle del Cauca"]
[Date "2010.11.19"]
[Round "5"]
[Board "1"]
[White "Mateus, Martha"]
[Black "Estrada Nieto, Julian"]
[Result "1-0"]
[WhiteElo "2144"]
[BlackElo "2329"]
[PlyCount "83"]
[EventDate "2010.11.17"]
[EventRounds "9"]
[EventCountry "COL"]

1.e4 e5 2.Nf3 Nc6 3.d4 exd4 4.Nxd4 Bb4+ 5.c3 Bc5 6.Be3 Bb6 7.Bc4 Nge7 8.Nc2 O-O
9.Bxb6 axb6 10.Ne3 d6 11.O-O Kh8 12.g4 Be6 13.Na3 Qd7 14.f4 Bxc4 15.Naxc4 Na5
16.Nd2 f6 17.Nf3 b5 18.b3 Nac6 19.Kh1 b4 20.c4 b5 21.cxb5 Na7 22.b6 cxb6 23.Nd4
Qb7 24.Qf3 Ng6 25.Nef5 Rad8 26.Ne6 Nb5 27.Nxf8 Nxf8 28.e5 Qxf3+ 29.Rxf3 dxe5
30.fxe5 fxe5 31.Re1 Ng6 32.h4 Nc3 33.h5 Nf4 34.Rxe5 Rd1+ 35.Kh2 Rd2+ 36.Kh1 Rd1+
37.Kh2 Rd2+ 38.Kg3 Nfe2+ 39.Kh4 h6 40.Re8+ Kh7 41.Ne7 Ng1 42.Rff8

[Event "CAMPEONATO PANAMERICANO-CONTINENTAL ABSOLUTO 2010"
[Site "Cali, Departamento del Valle del Cauca"]
[Date "2010.11.19"]
[Round "5"]
[Board "1"]
[White "Ostos, Julio"]
[Black "Condori, Edwin"]
[Result "1-0"]
[WhiteElo "2325"]
[BlackElo "2171"]
[PlyCount "63"]
[EventDate "2010.11.17"]
[EventRounds "9"]
[EventCountry "COL"]

1.e4 c6 2.d4 d5 3.e5 Bf5 4.Nf3 e6 5.Be2 Ne7 6.O-O c5 7.dxc5 Nec6 8.Be3 Nd7 9.Nd4
Nxd4 10.Bxd4 Nxc5 11.Bb5+ Nd7 12.c4 a6 13.Ba4 dxc4 14.Bb6 Qc8 15.Nd2 Bd3 16.Rc1
Be7 17.Nxc4 Bxc4 18.Qd4 Bb5 19.Bxb5 axb5 20.Rxc8+ Rxc8 21.Rd1 Nb8 22.Qd3 b4
23.Qb5+ Nc6 24.Bc5 O-O 25.Bd6 Bxd6 26.exd6 Rb8 27.d7 h6 28.Qc5 Rfd8 29.Qd6 Ra8
30.Qc7 Rab8 31.a4 Ne7 32.Qxb8

[Event "CAMPEONATO PANAMERICANO-CONTINENTAL ABSOLUTO 2010"
[Site "Cali, Departamento del Valle del Cauca"]
[Date "2010.11.19"]
[Round "5"]
[Board "1"]
[White "Arribas Robaina, Maritza"]
[Black "Salazar, Aura Cristina"]
[Result "1-0"]
[WhiteElo "2281"]
[BlackElo "2150"]
[PlyCount "81"]
[EventDate "2010.11.17"]
[EventRounds "9"]
[EventCountry "COL"]

1.e4 c5 2.Nf3 d6 3.Bb5+ Nd7 4.O-O Ngf6 5.Re1 a6 6.Bf1 e6 7.c3 Be7 8.d4 O-O
9.Nbd2 b6 10.e5 dxe5 11.dxe5 Nd5 12.Ne4 Qc7 13.Ng3 Bb7 14.Bd3 c4 15.Bc2 Rfe8
16.Qd4 g6 17.h4 Bf8 18.h5 Bg7 19.hxg6 hxg6 20.Bg5 Ne7 21.Bxe7 Rxe7 22.Qh4 Ree8
23.Be4 Bd5 24.Re3 Nxe5 25.Nxe5 Bxe5 26.Bxd5 exd5 27.Rae1 Re6 28.Nh5 gxh5 29.Rxe5
Rxe5 30.Qg3+ Kf8 31.Rxe5 Rc8 32.Qf4 Qc6 33.Rxh5 Re8 34.Qg5 Re1+ 35.Kh2 f6
36.Rh8+ Ke7 37.Qg7+ Ke6 38.Qg8+ Kd6 39.Qf8+ Re7 40.Qxf6+ Re6 41.Qf8+

[Event "CAMPEONATO PANAMERICANO-CONTINENTAL ABSOLUTO 2010"
[Site "Cali, Departamento del Valle del Cauca"]
[Date "2010.11.19"]
[Round "5"]
[Board "1"]
[White "Tobar, Juan Carlos"]
[Black "Chirivi C, Jenny Astrid"]
[Result "1-0"]
[WhiteElo "2016"]
[BlackElo "2244"]
[PlyCount "73"]
[EventDate "2010.11.17"]
[EventRounds "9"]
[EventCountry "COL"]

1.g3 Nf6 2.Bg2 d5 3.e3 e6 4.d3 c5 5.Nd2 Nc6 6.b3 b6 7.Bb2 Bb7 8.Ne2 Qc7 9.a3 Be7
10.O-O h5 11.h3 e5 12.d4 Rc8 13.c4 dxc4 14.dxe5 c3 15.Bxc3 Nh7 16.Nf4 Ba6 17.e6
Nf6 18.exf7+ Kxf7 19.Qc2 Rh6 20.Qf5 Kg8 21.Ne4 Bxf1 22.Bxf1 Na5 23.Bxa5 Nxe4
24.Bc4+ Kh8 25.Qxe4 bxa5 26.Nd5 Qd6 27.Nxe7 Re8 28.Ng6+ Qxg6 29.Qxg6 Rxg6 30.Bf7
Rge6 31.Bxe8 Rxe8 32.Rc1 Re5 33.Rc4 Rd5 34.Kf1 Rd1+ 35.Ke2 Ra1 36.a4 Ra2+ 37.Kf3

[Event "CAMPEONATO PANAMERICANO-CONTINENTAL ABSOLUTO 2010"
[Site "Cali, Departamento del Valle del Cauca"]
[Date "2010.11.19"]
[Round "5"]
[Board "1"]
[White "Uribe Arteaga, Daniel"]
[Black "Ruiz C, Joshua D"]
[Result "1-0"]
[WhiteElo "2220"]
[BlackElo "2107"]
[PlyCount "85"]
[EventDate "2010.11.17"]
[EventRounds "9"]
[EventCountry "COL"]

1.e4 c5 2.c3 d5 3.exd5 Qxd5 4.d4 Nf6 5.Nf3 cxd4 6.cxd4 e6 7.Nc3 Qd6 8.Be2 Be7
9.O-O O-O 10.Be3 Nc6 11.Rc1 Rd8 12.a3 b6 13.Nb5 Qd7 14.Ne5 Nxe5 15.dxe5 Nd5
16.Qb3 a6 17.Nd4 Bc5 18.Rfd1 Qc7 19.Bg5 Rd7 20.Qg3 Qb8 21.b4 Bf8 22.Nc6 Qb7
23.Bf3 b5 24.Na5 Qb6 25.Rc6 Qb8 26.Rdc1 Bb7 27.Bxd5 Rxd5 28.Rb6 Qc7 29.Qe3 Qxe5
30.Qxe5 Rxe5 31.f4 Re3 32.Rxb7 Rxa3 33.Be7 Ra4 34.Bxf8 Rxf8 35.Nc6 g6 36.Rd1 Kg7
37.g3 Rc8 38.Ne5 Ra2 39.Rxf7+ Kg8 40.Ra7 Rb2 41.Ng4 h5 42.Nf6+ Kf8 43.Rh7

[Event "CAMPEONATO PANAMERICANO-CONTINENTAL ABSOLUTO 2010"
[Site "Cali, Departamento del Valle del Cauca"]
[Date "2010.11.19"]
[Round "5"]
[Board "1"]
[White "Rodriguez Vila, Andres"]
[Black "Prieto, Ernesto"]
[Result "1-0"]
[WhiteElo "2556"]
[BlackElo "2102"]
[PlyCount "74"]
[EventDate "2010.11.17"]
[EventRounds "9"]
[EventCountry "COL"]

1.e4 e5 2.Nf3 Nc6 3.Bc4 Nf6 4.d3 Bc5 5.c3 d6 6.Nbd2 O-O 7.O-O Be6 8.b4 Bb6 9.a4
a6 10.Bxe6 fxe6 11.Nc4 Ba7 12.Qb3 Qd7 13.b5 Nd8 14.Ba3 Nf7 15.Rfe1 Kh8 16.Ra2 g5
17.d4 exd4 18.e5 g4 19.Nxd4 Bxd4 20.cxd4 Nd5 21.b6 cxb6 22.Nxb6 Nxb6 23.Qxb6 Ng5
24.d5 Qg7 25.Kh1 exd5 26.Bb2 Kg8 27.e6 Qg6 28.Qxb7 Rae8 29.Qxd5 Rxe6 30.Bc3 Ne4
31.Bd4 Qf5 32.Qb3 d5 33.Rd1 g3 34.f3 Qh5 35.Bg1 Qe8 36.Ra3 Nd2 37.Qc3 Nc4
{ILEGIBLE}

[Event "CAMPEONATO PANAMERICANO-CONTINENTAL ABSOLUTO 2010"
[Site "Cali, Departamento del Valle del Cauca"]
[Date "2010.11.19"]
[Round "5"]
[Board "1"]
[White "Sanchez, Victor Hugo"]
[Black "Kostov, Alex"]
[Result "1-0"]
[WhiteElo "2293"]
[BlackElo "2055"]
[PlyCount "45"]
[EventDate "2010.11.17"]
[EventRounds "9"]
[EventCountry "COL"]

1.e4 e5 2.Nf3 Nc6 3.d4 exd4 4.Nxd4 Nf6 5.Nxc6 bxc6 6.e5 Qe7 7.Qe2 Nd5 8.c4 Nb6
9.Nc3 Qe6 10.Qe4 a5 11.Bd3 Bb4 12.Bd2 Bb7 13.O-O d5 14.Qf4 c5 15.Bf5 Qc6 16.e6
Bxc3 17.exf7+ Kf8 18.bxc3 Nxc4 19.Rfe1 Qd6 20.Re8+ Rxe8 21.fxe8=Q+ Kxe8 22.Re1+
Kf8 23.Bg6+

[Event "CAMPEONATO PANAMERICANO-CONTINENTAL ABSOLUTO 2010"
[Site "Cali, Departamento del Valle del Cauca"]
[Date "2010.11.19"]
[Round "5"]
[Board "1"]
[White "Vacca, Leonardo"]
[Black "Mateus, Alejandro"]
[Result "0-1"]
[WhiteElo "2043"]
[BlackElo "2274"]
[PlyCount "122"]
[EventDate "2010.11.17"]
[EventRounds "9"]
[EventCountry "COL"]

1.e4 c5 2.Nf3 d6 3.d4 cxd4 4.Nxd4 Nf6 5.Nc3 a6 6.g3 e6 7.Bg2 Bd7 8.O-O Nc6 9.Re1
Qc7 10.a4 Be7 11.h3 O-O 12.Nb3 Rfd8 13.Qe2 Rac8 14.a5 Ne5 15.f4 Nc4 16.g4 Be8
17.Kh1 g6 18.Bf3 Bf8 19.Qg2 d5 20.e5 Nd7 21.Nd1 Bg7 22.Nf2 Nc5 23.Nxc5 Qxc5
24.Re2 Nxa5 25.b4 Qxb4 26.Bd2 Qb2 27.Rxa5 Rxc2 28.Nd1 Qb6 29.Ra1 Rdc8 30.Qf2 d4
31.Be1 Qb3 32.Rxc2 Rxc2 33.Qg3 Qb5 34.Nf2 g5 35.Bg2 Bc6 36.Bxc6 Qxc6+ 37.Qg2
Qxg2+ 38.Kxg2 gxf4 39.Kf3 Bxe5 40.Nd3 Bd6 41.Rc1 Rxc1 42.Nxc1 h5 43.g5 Kg7
44.Ke4 Kg6 45.Nb3 Kxg5 46.Nxd4 f5+ 47.Kd3 e5 48.Nf3+ Kf6 49.Kc4 e4 50.Kd5 exf3
51.Kxd6 Kg5 52.Kd5 a5 53.Kc5 a4 54.Kb4 b5 55.Bf2 Kf6 56.Kxb5 a3 57.Bd4+ Kg5
58.Kc4 a2 59.Kd3 Kh4 60.Kd2 Kxh3 61.Ke1 Kg2